000 00550nam a2200205Ia 4500
005 20250923144829.0
008 008 250917s9999 xx 000 0 eng d
037 _aTextual
040 _aDSWL
_beng
_cDSWL
041 _aeng
_2eng
084 _az261, N62
_qDSWL
100 _aBarua, Hem
_9828852
245 4 _aThe red river and the blue hill
_cby Hem Barua
260 _aAssam
_bLawyer'sBook
_c1962
300 _a205p.
365 _aINR
_b8
925 _g8
942 _cTEXL
_hz261, N62
999 _c1443888
_d1443888